LEADER 01096nam a2200241 u 4500 001 000000037806 003 CaOOAMICUS 005 20070226113815.0 008 980417s1931 it d u000 u ita u 035 $a10790707 040 $aPUL(R)$bita 110 1 $aItalia.$bConsiglio di Stato.$0(OLS)http://pul/name/28328 245 13$aIl Consiglio di Stato nel biennio 1929-30 :$brelazione del Presidente a S.E. il Capo del Governo. 260 $aRoma :$bIstituto poligrafico dello Stato,$c1931. 300 $a1017 p. :$bdiagr., ;$c25 cm 500 $aIl testa al front.: Consiglio di Stato. 650 4$aFascismo$xOrdinamento giuridico.$0(OLS)http://pul/subject/4262 850 $aPUL 852 $aPUL$W1$xDP2 Diritto e Scienze Sociali 1$y65$m175 D 15$j51627$nBK-PRI$qStampati$B51627$CPULBib$Z2$F51627 $82 941 1 $a8 961 $aEx libris: Evaristi Carusi. 996 $6245$aIl Consiglio di Stato nel biennio 1929-30 :$brelazione del Presidente a S.E. il Capo del Governo$9(OLS)http://pul/title/51398 996 $6260$aRoma :$bIstituto poligrafico dello Stato$9(OLS)http://pul/publisher/51452 LEADER 01066nam a2200265 u 4500 001 000000052680 003 CaOOAMICUS 005 20070226115457.0 008 001023q1972 it u000 u ita u 035 $a10859147 040 $aPUL(R)$bita 100 1 $aBersini, Francesco.$0(OLS)http://pul/name/23761 245 13$aLe nuove norme per i processi "super rato" /$cFrancesco Bersini. 260 $aRovigo :$bIstituto padano di arti gafiche,$c[1972] 300 $a90 p. ;$c24 cm 500 $aInclude indice. 500 $aData dalla prefazione. 500 $aTesto anche in latino. 504 $aBibliografia in nota. 650 4$aMatrimonio (diritto canonico)$xNullità.$0(OLS)http://pul/subject/5787 850 $aPUL 852 $aPUL$W1$xDP1 Fondo Ciprotti$y59$m1543 E 16$j69616$nBK-PRI$b $qFondi$B69616$CPULBib$Z2$F69616 $H $81 941 1 $a1 996 $6245$aLe nuove norme per i processi "super rato"$9(OLS)http://pul/title/70639 996 $6260$aRovigo :$bIstituto padano di arti gafiche$9(OLS)http://pul/publisher/68347